Derecho Penal y diversidad cultural: bases para un diálogo intercultural
সংরক্ষণ করুন:
| প্রধান লেখক: | |
|---|---|
| বিন্যাস: | গ্রন্থ |
| ভাষা: | স্প্যানিশ |
| প্রকাশিত: |
Valencia
Tirant Lo Blanch
2018
|
| সংস্করন: | 1a. ed |
| মালা: | Monografías
|
| বিষয়গুলি: | |
| ট্যাগগুলো: |
ট্যাগ যুক্ত করুন
কোনো ট্যাগ নেই, প্রথমজন হিসাবে ট্যাগ করুন!
|
MARC
| LEADER | 00000cam a2200000 a 4500 | ||
|---|---|---|---|
| 001 | UCC7190 | ||
| 003 | CL-VaPUC | ||
| 008 | 190308e20180000sp |||||||||||||||||spa|d | ||
| 020 | |a 9788491695769 | ||
| 082 | 0 | 4 | |a 345 |b CIS |2 21 |
| 100 | 0 | |a Cisneros Avila, Fátima |e author |9 601718 | |
| 245 | 1 | 0 | |a Derecho Penal y diversidad cultural: bases para un diálogo intercultural |
| 250 | |a 1a. ed | ||
| 300 | |a 303 p | ||
| 942 | |c BK | ||
| 945 | |d 20190308 12:55:00 |a dcastane | ||
| 260 | |a Valencia |b Tirant Lo Blanch |c 2018 | ||
| 650 | 7 | |a DERECHO PENAL |2 CL-VaPUC |9 11 | |
| 650 | 0 | |a Diversidad cultural |9 473079 | |
| 583 | |a last modification |c 20190308 12:55:00 |k Rodrigo Vera | ||
| 490 | 0 | |a Monografías | |
| 999 | |c 373899 |d 373897 | ||
| 952 | |0 0 |1 0 |3 erb |4 0 |6 345_000000000000000_CIS_2018 |7 0 |8 A |9 492173 |a BIBDER |b BIBDER |i 5534909 |o 345 CIS 2018 |p 5534909 |r 2023-01-25 |w 2019-11-24 |y BK |z Catalogado en:20190308 |k DER | ||